LEADER 01044nam a2200265 a 4500 001 000000167285 003 CaOOAMICUS 005 20180419160940.0 008 180419s1964 it u000 u ita r 032 $aLibriCat 040 $aPUL$bita 100 1 $aParenti, Francesco.$0(OLS)http://pul/name/107855 245 10$aSogno, ipnosi e suggestione /$cFrancesco Parenti, Francesco Fiorenzola. 260 $aMilano :$bFeltrinelli,$c1964. 300 $a292 p. $c18 cm. 490 1 $aUniversale economica ;$v465 650 4$aSogni.$0(OLS)http://pul/subject/24111 700 1 $aFiorenzola, Francesco.$0(OLS)http://pul/name/107854 830 0$aUniversale Economica ;$v434.$0(OLS)http://pul/title/12276 850 $aPUL 852 $aPUL$W1$xDP1 Fondo Dalla Palma$y117$m2 D 64$j157218$qFondi$B194850$CPULBib$Z2$F194850 $HDal2574 $81 941 1 $a1 996 $6245$aSogno, ipnosi e suggestione$9(OLS)http://pul/title/207261 996 $6260$aMilano :$bFeltrinelli$9(OLS)http://pul/publisher/48846 LEADER 01016nam a2200253 a 4500 001 000000172319 003 CaOOAMICUS 005 20190719105049.0 008 190718s2019 it u000 u ita r 032 $aLibriCat 040 $aPUL$bita 100 1 $aMello, Alberto.$0(OLS)http://pul/name/25267 245 03$aIl libro della vita : $bleggere i Salmi /$cAlberto Mello. 260 $aMilano :$bEdizioni Terra Santa,$cİ2019. 300 $a288 p. ;$c21 cm 490 1 $aLa Bibbia e le parole 630 04$aBiblia.$pV.T.$pPsalmi$xCommenti.$0(OLS)http://pul/subject/1498 830 2$aI classici dello spirito (Fabbri).$0(OLS)http://pul/title/207439 850 $aPUL 852 $aPUL$W1$xSL Religione 3$y85$m223. 2 MELAN 1$j196239$qDDC 21$B201004$CPULBib$Z2$F201004 $H133062 $82 941 1 $a9 996 $6245$aIl libro della vita : $bleggere i Salmi$9(OLS)http://pul/title/213237 996 $6260$aMilano :$bEdizioni Terra Santa$9(OLS)http://pul/publisher/80368